| 000 | 00665nam a2200217Ia 4500 | ||
|---|---|---|---|
| 003 | GCL | ||
| 008 | 140319s9999 xx 000 0 ara d | ||
| 040 |
_aGCL / _cGCL |
||
| 082 | 0 | 4 |
_a791.437 _bس ح |
| 100 | 1 | _aسمير فريد | |
| 245 | 1 | 0 |
_aحرب اكتوبر فى السينما / _cسمير فريد |
| 300 | _a96 | ||
| 650 | 0 | 4 | _aالادب العربى |
| 650 | 0 | 4 | _aالمقالات العربية |
| 650 | 0 | 4 | _aمقالات ومحاضرات |
| 650 | 0 | 4 | _aالافلام السينمائية |
| 650 | 0 | 4 | _aالمقالات الغربية - مجموعات |
| 650 | 0 | 4 | _aالمجموعات |
| 650 | 0 | 4 | _aحرب اكتوبر 1973 |
| 942 |
_2ddc _cBK |
||
| 999 |
_c42122 _d42122 |
||